Footballers by pictures #3 - Statistics

General Stats
  • This quiz has been taken 42 times
  • The average score is 8 of 19
Answer Stats
Picture Answer % Correct
Jermain Defoe
66%
Héctor Bellerín
63%
Dušan Tadić
61%
Danny Welbeck
58%
Daley Blind
55%
David Neres
55%
Weston McKennie
53%
Claudio Bravo
47%
André Gomes
45%
Thorgan Hazard
45%
Yannick Carrasco
45%
Christian Benteke
42%
João Moutinho
39%
Shkodran Mustafi
39%
Javier Pastore
34%
Joshua King
26%
Tahith Chong
24%
Facundo Pellistri
21%
Vitaliy Mykolenko
8%
No matching quizzes found
Score Distribution
Percent of People with Each Score
Percentile by Number Answered
Your Score History
You have not taken this quiz